OPEP, Instrumento de cambio

Kaydedildi:
Detaylı Bibliyografya
Yazar: Seymour, Ian
Materyal Türü: Metin
Baskı/Yayın Bilgisi: Bogotá: Tercer Mundo
Etiketler: Etiketle
Etiket eklenmemiş, İlk siz ekleyin!

MARC

LEADER 00000 a a2200000 04500
001 22918
003
040
090 |a 158300  
100 |a Seymour, Ian  
245 |a OPEP, Instrumento de cambio  
260 |a Bogotá:   |b Tercer Mundo  
300 |a 329 p.  
999 |c 1510  |d 1510